Mek Mulung : bangkitnya warisan turun-temurun= a heritage rediscovered

Bibliographic Details
Main Author: Nur Izzati Jamalludin (Author)
Other Authors: Afiqah Aisyah Saiful Bahar (Translator), Muhammad Asyraf Rezali (photography), Oh,Chin Eng (photography)
Format: Book
Published: Kuala Lumpur,Malaysia : Jabatan Kebudayaan dan Kesenian Negara 2023
Subjects:

MARC

LEADER 00000cam a2200000 7i4500
001 0000093908
005 20240520163316.0
020 |a 9789675552878 (  |q hardback) 
040 |e rda 
041 |a English 
041 |a Malay 
090 0 0 |a 781.62009595   |b NUR 
100 0 |a Nur Izzati Jamalludin ,   |e author 
245 1 0 |a Mek Mulung :   |b bangkitnya warisan turun-temurun= a heritage rediscovered   |c Nur Izzati Jamalludin 
264 1 |a Kuala Lumpur,Malaysia :   |b Jabatan Kebudayaan dan Kesenian Negara   |c 2023 
300 |a 284 pages :   |b colour illustration ;   |c 23.5 cm. 
336 |a text  |2 rdacontent 
337 |a unmediated  |2 rdamedia 
338 |a volume  |2 rdacarrier 
541 |c Donation books 
650 0 |a Folk dancing   |z Malaysia 
650 0 |a Folk music   |z Malaysia 
700 0 |a Afiqah Aisyah Saiful Bahar ,   |e translator 
700 0 |a Muhammad Asyraf Rezali ,   |e photography 
700 1 |a Oh,Chin Eng ,   |e photography 
730 0 |a Title 
999 |a 0001783578   |b Book   |c Adult Collection   |e Perbadanan Perpustakaan Awam Johor